Đất nước Việt Nam qua các đời : Nghiên cứu địa lý học lịch sử Việt Nam /

محفوظ في:
التفاصيل البيبلوغرافية
المؤلف الرئيسي: Đào Duy Anh.
التنسيق: Sách giấy
اللغة:Vietnamese
منشور في: Huế : Thuận hóa , 1994.
الموضوعات:
الوسوم: إضافة وسم
لا توجد وسوم, كن أول من يضع وسما على هذه التسجيلة!
Thư viện lưu trữ: Thư viện Trường Đại học Đà Lạt
LEADER 00668nam a2200253 4500
001 DLU020014026
005 ##20000625
020 # # |a 978- 
041 # # |a vie 
082 # # |a 911.597  |b DA-A 
100 # # |a Đào Duy Anh. 
245 # # |a Đất nước Việt Nam qua các đời :  |b Nghiên cứu địa lý học lịch sử Việt Nam /  |c Đào Duy Anh. 
260 # # |a Huế :  |b Thuận hóa ,  |c 1994. 
300 # # |a 262 tr.;   |c 24 cm. 
651 # # |a Việt Nam  |x Địa lý lịch sử. 
992 # # |a 28000 
994 # # |a DLU 
900 # # |a False 
911 # # |a Administrator 
925 # # |a G 
926 # # |a A 
927 # # |a SH 
980 # # |a Thư viện Trường Đại học Đà Lạt